| 000 | 00642nac a22001811u 4500 | ||
|---|---|---|---|
| 008 | 080901s1970 ua|||||r||| 001 0 ara d | ||
| 082 |
_a182 _bب د و _222 |
||
| 100 |
_aبدوي،عبد الرحمن _916353 |
||
| 245 |
_aخريف الفكر اليوناني/ _cعبد الرحمن بدوي |
||
| 250 | _aط4 | ||
| 260 |
_aالقاهرة: _bمكتبة النهضة المصرية,1970 _c1970. |
||
| 300 |
_a190ص; _c24 سم |
||
| 504 | _aببليوجرافية: ص182-186 | ||
| 511 | _aCatalogued by: Sara | ||
| 541 |
_aالف باء ؛ _cشراء ؛ |
||
| 650 |
_aالفلسفة الرواقية _9313 |
||
| 942 |
_cBB _k182 ب د و _2ddc |
||
| 999 |
_c5427 _d5427 |
||